Zdravotnícka ročenka okresu Banská Bystrica v porovnaní k okresu Brezno ...
| Main Author: | |
|---|---|
| Other Authors: | |
| Format: | Serial |
| Language: | Slovak |
| PhysicalDescription: | zv. tab., grafy 29 cm |
| Published: |
Banská Bystrica
Mestský úrad
2014- Banská Bystrica Regionálny úrad verejného zdravotníctva |
| ISBN: | 9788097109622 9788097109660 9788097109653 |
| Subjects: |
MARC
| LEADER | 00000cas a2200000 a 4500 | ||
|---|---|---|---|
| 001 | vtls010084940 | ||
| 003 | SK-MaSNL | ||
| 005 | 20260425194404.0 | ||
| 008 | 180730c19uu9999xo ar| s 000 b0slo | ||
| 015 | |a SNBB2017-(r. 2013, r. 2014, r. 2015) | ||
| 020 | |a 9788097109622 |q (brož. : 2013) | ||
| 020 | |a 9788097109660 |q (brož. : 2015) | ||
| 020 | |a 9788097109653 |q (brož. : 2014) | ||
| 040 | |a SVKBB |b slo |c SVKBB |d SNK |e AACR2 | ||
| 041 | 0 | |a slo | |
| 043 | |a e-xo--- | ||
| 044 | |a xo |c SK | ||
| 072 | 7 | |a 614 |x Verejné zdravie a hygiena |2 konspekt | |
| 072 | 7 | |a 314 |x Demografia. Populácia |2 konspekt | |
| 080 | |a 614.2 |2 2011 | ||
| 080 | |a (058) |2 2011 | ||
| 080 | |a 314.12/.14 |2 2001 | ||
| 080 | |a (048.8:083.41) |2 2011 | ||
| 080 | |a 314:311 |2 2001 | ||
| 080 | |a 614.1:616-01 |2 2001 | ||
| 080 | |a (437.642) |2 2011 | ||
| 245 | 0 | 0 | |a Zdravotnícka ročenka okresu Banská Bystrica v porovnaní k okresu Brezno ... |
| 260 | |a Banská Bystrica |b Mestský úrad | ||
| 260 | 3 | |a 2014- |a Banská Bystrica |b Regionálny úrad verejného zdravotníctva | |
| 300 | |a zv. |b tab., grafy |c 29 cm | ||
| 500 | |a Popis podľa: R. 2013 (vydané v r. 2014) | ||
| 500 | |a Autori: 2013-2015, Cyril Klement a kol. | ||
| 500 | |a Zostavila: 2013-2015, Dagmar Komendová | ||
| 500 | |a Súčasťou názvu je označenie kalendárneho roku | ||
| 610 | 2 | 7 | |a Banská Bystrica (Slovensko) |2 SNKPHeng |9 163535 |
| 650 | 0 | 7 | |a zdravotníctvo |2 SNKPH |9 1269 |
| 650 | 0 | 7 | |a zdravotnícka štatistika |2 SNKPH |9 4662 |
| 650 | 0 | 7 | |a demografická štatistika |2 SNKPH |9 4674 |
| 650 | 0 | 7 | |a zdravotný stav obyvateľstva |2 SNKPH |9 4954 |
| 650 | 0 | 7 | |a Health service |2 SNKPHeng |9 265997 |
| 650 | 0 | 7 | |a Medical statistics |2 SNKPHeng |9 275170 |
| 650 | 0 | 7 | |a Vital statistics |2 SNKPHeng |9 266927 |
| 650 | 0 | 7 | |a Population health status |2 SNKPHeng |9 275171 |
| 651 | 7 | |a Banská Bystrica (Slovensko : okres) |2 SNKPH |9 74246 | |
| 651 | 7 | |a Brezno (Slovensko : okres) |2 SNKPH |9 56873 | |
| 651 | 7 | |a Brezno (Slovakia : district) |2 SNKPHeng |9 275563 | |
| 655 | 7 | |a ročenky |2 SNKPH |9 57146 | |
| 655 | 7 | |a Yearbooks |2 SNKPHeng |9 120938 | |
| 655 | 7 | |a štatistické prehľady |2 SNKPH |9 70689 | |
| 655 | 7 | |a Statistical surveys |2 SNKPHeng |9 265594 | |
| 700 | 1 | |a Klement, Cyril, |d 1948- |4 aut |9 115894 | |
| 700 | 1 | |a Komendová, Dagmar |4 com |9 275564 | |
| 710 | 1 | |a Banská Bystrica (Slovensko). |b Mestsky úrad. |b Referát životného prostredia. |b Kabinet Zdravé mesto |4 pbl |9 49505 | |
| 852 | |a Štátna vedecká knižnica v Banskej Bystrici | ||
| 856 | 4 | 1 | |t http://www.vzbb.sk/sk/publikacie/rocenky/ |
| 919 | |a 978-80-971096-2-2 | ||
| 919 | |a 978-80-971096-6-0 | ||
| 919 | |a 978-80-971096-5-3 | ||
| 999 | |c 12849 |d 14779 | ||
| 952 | |a SNK |b SNK |y PREZ |7 0 |p 17A1205250 |o snkČSB 6343/2014 |i snk2017/4663 |8 0 |0 0 |1 0 |4 0 |d 2017-02-20 |l 0 |r 2026-02-21 21:55:32 |w 2026-02-21 | ||
| 952 | |a SNK |b SNK |y PREZ |7 0 |p 17A1205251 |o snkČSB 6343/2014 D1 |i snk2017/4664 |8 0 |0 0 |1 0 |4 0 |d 2017-02-20 |l 0 |r 2026-02-21 21:55:32 |w 2026-02-21 | ||
| 952 | |a SNK |b SNK |y PREZ |7 0 |p 17A1205252 |o snkČSB 6343/2015 |i snk2017/4665 |8 0 |0 0 |1 0 |4 0 |d 2017-02-20 |l 0 |r 2026-02-21 21:55:32 |w 2026-02-21 | ||
| 952 | |a SNK |b SNK |y PREZ |7 0 |p 17A1205253 |o snkČSB 6343/2015 D1 |i snk2017/4666 |8 0 |0 0 |1 0 |4 0 |d 2017-02-20 |l 0 |r 2026-02-21 21:55:32 |w 2026-02-21 | ||
| 952 | |a SNK |b SNK |y PREZ |7 0 |p 17A1205256 |o snkČSB 6343/2013 |i snk2017/4874 |8 0 |0 0 |1 0 |4 0 |d 2017-02-22 |l 0 |r 2026-02-21 21:55:39 |w 2026-02-21 | ||


